[Event "Rhein Main op-B 25th"]
[Site "Bad Homburg"]
[Date "2023.06.10"]
[Round "6"]
[White "Koehlich, Viktor"]
[Black "Graef, Kilian Gabriel"]
[Result "0-1"]
[WhiteElo "1678"]
[BlackElo "1377"]
[PlyCount "106"]
[EventDate "2023.06.07"]
[EventType "swiss"]
[EventRounds "7"]
[EventCountry "GER"]
[SourceTitle "CBM 215 Extra"]
[Source "ChessBase"]
[SourceDate "2023.09.30"]
[SourceVersion "1"]
[SourceVersionDate "2023.09.30"]
[SourceQuality "1"]

1. d4 d5 2. Nf3 e6 3. c4 c5 4. g3 Nc6 5. dxc5 Bxc5 6. Bg2 Nf6 7. 0-0 0-0 8. Qc2 dxc4 9. Rd1 Qb6 10. e3 e5 11. Nbd2 Rd8 12. Nxc4 Rxd1+ 13. Qxd1 Qc7 14. b3 Bg4 15. h3 Bxf3 16. Qxf3 e4 17. Qe2 Re8 18. Bb2 Nd7 19. Nd2 Nf6 20. Bxf6 gxf6 21. Nxe4 Rxe4 22. Bxe4 Qe5 23. Qg4+ Kf8 24. Rd1 h5 25. Qc8+ Kg7 26. Bxc6 bxc6 27. Rd8 Qa1+ 28. Kg2 Qxa2 29. Rg8+ Kh6 30. Rh8+ Kg5 31. h4+ Kg6 32. Qg8+ Kf5 33. Rxh5+ Ke4 34. Qe8+ Kd3 35. Qd7+ Ke2 36. Qg4+ Ke1 37. Qf3 Bb6 38. Rf5 Qxb3 39. Qxc6 Qb2 40. Qb5 Qc2 41. Qf1+ Kd2 42. Rd5+ Kc3 43. Qa1+ Kc4 44. Qd4+ Bxd4 45. Rxd4+ Kc5 46. Rf4 f5 47. h5 Kb6 48. h6 Qc6+ 49. Kg1 Qxh6 50. Rxf5 a5 51. g4 f6 52. f4 Qh4 53. g5 Qg4+ 0-1

[Event "Rhein Main op-B 25th"]
[Site "Bad Homburg"]
[Date "2023.06.07"]
[Round "1"]
[White "Graef, Kilian Gabriel"]
[Black "Solinski, Reinert"]
[Result "1-0"]
[WhiteElo "1377"]
[BlackElo "1716"]
[PlyCount "25"]
[EventDate "2023.06.07"]
[EventType "swiss"]
[EventRounds "7"]
[EventCountry "GER"]
[SourceTitle "CBM 215 Extra"]
[Source "ChessBase"]
[SourceDate "2023.09.30"]
[SourceVersion "1"]
[SourceVersionDate "2023.09.30"]
[SourceQuality "1"]

1. d4 Nf6 2. c4 d6 3. Nc3 g6 4. h3 Bg7 5. e4 0-0 6. Bg5 e5 7. dxe5 dxe5 8. Qxd8 Rxd8 9. Nd5 Nxd5 10. Bxd8 Nb4 11. Rd1 c5 12. Be7 b6 13. Rd8+ 1-0

[Event "Bad Soden U10 op 5th"]
[Site "Bad Soden"]
[Date "2018.10.01"]
[Round "5"]
[White "Graef, Kilian Gabriel"]
[Black "Weyerer, Noah"]
[Result "1/2-1/2"]
[WhiteElo "1535"]
[BlackElo "1318"]
[PlyCount "63"]
[EventDate "2018.09.30"]
[EventType "swiss"]
[EventRounds "9"]
[EventCountry "GER"]
[SourceTitle "EXT 2020"]
[Source "ChessBase"]
[SourceDate "2019.10.17"]
[SourceVersion "1"]
[SourceVersionDate "2019.10.17"]
[SourceQuality "1"]

1. d4 d6 2. c4 e5 3. d5 f5 4. Nc3 Nf6 5. Bg5 Be7 6. e3 Nxd5 7. Bxe7 Nxe7 8. Be2 0-0 9. Nf3 c6 10. 0-0 Be6 11. Qc2 e4 12. Nd4 Bd7 13. Rad1 Qc7 14. Rd2 c5 15. Ndb5 Bxb5 16. Nxb5 Qc8 17. Rxd6 a6 18. Nc3 Qc7 19. Rfd1 Nc8 20. R6d5 b6 21. R5d2 Ne7 22. Nd5 Nxd5 23. Rxd5 Ra7 24. Qd2 Nc6 25. Rd7 Qc8 26. Rxa7 Nxa7 27. Qd7 Qxd7 28. Rxd7 Rf7 29. Rd8+ Rf8 30. Rd7 Rf7 31. Rd8+ Rf8 32. Rd7 1/2-1/2

[Event "Hessen-chC"]
[Site "Frankfurt"]
[Date "2018.05.10"]
[Round "1"]
[White "Jayakumar, Sharun"]
[Black "Graef, Kilian Gabriel"]
[Result "0-1"]
[WhiteElo "1212"]
[BlackElo "1523"]
[PlyCount "68"]
[EventDate "2018.05.10"]
[EventType "swiss"]
[EventRounds "7"]
[EventCountry "GER"]
[SourceTitle "EXT 2019"]
[Source "ChessBase"]
[SourceDate "2018.10.10"]
[SourceVersion "1"]
[SourceVersionDate "2018.10.10"]
[SourceQuality "1"]

1. e4 d6 2. d4 Nf6 3. Nc3 g6 4. f4 Bg7 5. Nf3 0-0 6. Bc4 a6 7. 0-0 b5 8. Bd5 c6 9. Bb3 b4 10. e5 dxe5 11. fxe5 bxc3 12. exf6 cxb2 13. fxe7 Qxe7 14. Bxb2 c5 15. Ba3 Rd8 16. Bxc5 Qc7 17. Ng5 Bb7 18. Bxf7+ Kh8 19. Qe2 Qc6 20. Rf3 Nd7 21. Raf1 Nxc5 22. dxc5 Qxc5+ 23. R1f2 Qxg5 24. Qc4 Bd5 25. Bxd5 Rxd5 26. Qb4 Bd4 27. h3 Bxf2+ 28. Rxf2 Rd1+ 29. Kh2 Qe5+ 30. g3 Qd6 31. Qc3+ Qd4 32. Qf3 Rd8 33. h4 Qxf2+ 34. Qxf2 R8d2 0-1

[Event "Heusenstamm Sparkassen op-B 4th"]
[Site "Heusenstamm"]
[Date "2017.11.26"]
[Round "7"]
[White "Graef, Kilian Gabriel"]
[Black "Spill, Werner"]
[Result "0-1"]
[WhiteElo "1573"]
[BlackElo "1372"]
[PlyCount "108"]
[EventDate "2017.11.23"]
[EventType "swiss"]
[EventRounds "7"]
[EventCountry "GER"]
[SourceTitle "EXT 2019"]
[Source "ChessBase"]
[SourceDate "2018.10.10"]
[SourceVersion "1"]
[SourceVersionDate "2018.10.10"]
[SourceQuality "1"]

1. d4 Nf6 2. Nf3 e6 3. c4 b6 4. Bg5 Bb7 5. Nbd2 Be7 6. Qc2 0-0 7. e4 h6 8. Bxf6 Bxf6 9. e5 Be7 10. Bd3 f5 11. Nh4 Bxh4 12. 0-0-0 a5 13. Rhg1 Bxf2 14. Rgf1 Bxd4 15. Nf3 Be3+ 16. Kb1 Nc6 17. a3 Bd4 18. g4 Nxe5 19. Nxd4 Nxd3 20. gxf5 Nc5 21. Qe2 Be4+ 22. Ka1 exf5 23. Rg1 Bd3 24. Qh5 Rf6 25. Rxd3 Nxd3 26. Nxf5 Qe8 27. Nxh6+ Rxh6 28. Qxh6 Qe6 29. Qd2 Nc5 30. Qg2 Re8 31. h4 c6 32. h5 Qh6 33. Ka2 Re5 34. Qh2 Qxh5 35. Qg3 Ne6 36. Rg2 Qg5 37. Qh2 Qf6 38. Rf2 Rf5 39. Qb8+ Nf8 40. Rd2 Qe6 41. b3 Rf1 42. Qxb6 Qf6 43. Qd4 Qxd4 44. Rxd4 Rf2+ 45. Ka1 Rf5 46. a4 c5 47. Rd6 Rf6 48. Rd5 d6 49. b4 axb4 50. a5 Nd7 51. a6 Nb6 52. Rd3 Nxc4 53. a7 Rf8 54. Rf3 Ra8 0-1

[Event "Rhein Main op-B 20th"]
[Site "Bad Homburg"]
[Date "2017.06.18"]
[Round "7"]
[White "Kirchner, Stefan2222"]
[Black "Graef, Kilian Gabriel"]
[Result "1-0"]
[WhiteElo "1547"]
[BlackElo "1041"]
[PlyCount "53"]
[EventDate "2017.06.14"]
[EventType "swiss"]
[EventRounds "7"]
[EventCountry "GER"]
[SourceTitle "EXT 2018"]
[Source "ChessBase"]
[SourceDate "2017.10.13"]
[SourceVersion "1"]
[SourceVersionDate "2017.10.13"]
[SourceQuality "1"]

1. e4 d6 2. d4 Nf6 3. Nc3 g6 4. f4 Bg7 5. Be3 0-0 6. Qd2 c6 7. 0-0-0 Qc7 8. Nf3 Ng4 9. Bg1 e5 10. h3 Nh6 11. Be3 f6 12. g4 Nf7 13. Bd3 exf4 14. Bxf4 Qa5 15. g5 Be6 16. Kb1 fxg5 17. Nxg5 Nxg5 18. Bxg5 Bxd4 19. a3 Bxc3 20. Qxc3 Qxg5 21. e5 Qg3 22. exd6 Qxd6 23. Rhg1 Bf5 24. Bxf5 Rxf5 25. Rxd6 Na6 26. Rd7 Nc5 27. Qg7# 1-0

[Event "Rhein Main op-B 20th"]
[Site "Bad Homburg"]
[Date "2017.06.17"]
[Round "5"]
[White "Friedel, Thomas"]
[Black "Graef, Kilian Gabriel"]
[Result "1-0"]
[WhiteElo "1567"]
[BlackElo "1041"]
[PlyCount "59"]
[EventDate "2017.06.14"]
[EventType "swiss"]
[EventRounds "7"]
[EventCountry "GER"]
[SourceTitle "EXT 2018"]
[Source "ChessBase"]
[SourceDate "2017.10.13"]
[SourceVersion "1"]
[SourceVersionDate "2017.10.13"]
[SourceQuality "1"]

1. e4 d6 2. d4 Nf6 3. Nc3 g6 4. f4 Bg7 5. Nf3 0-0 6. Bc4 a6 7. a3 b5 8. Bd3 c6 9. 0-0 Qc7 10. e5 dxe5 11. fxe5 Nfd7 12. Ng5 Qb6 13. Kh1 Qxd4 14. e6 Nc5 15. exf7+ Kh8 16. Rf4 Qe5 17. Rh4 h6 18. Bf4 Qd4 19. Qe1 Nxd3 20. cxd3 e5 21. Rxh6+ Bxh6 22. Bxe5+ Qxe5 23. Qxe5+ Bg7 24. Qf4 Bh6 25. Qf6+ Bg7 26. Qe7 Bf5 27. Ne6 Bxe6 28. Qxe6 c5 29. Qh3+ Bh6 30. Qxh6# 1-0

[Event "Rhein Main op-B 20th"]
[Site "Bad Homburg"]
[Date "2017.06.17"]
[Round "6"]
[White "Graef, Kilian Gabriel"]
[Black "Urbach, Jens"]
[Result "1-0"]
[WhiteElo "1041"]
[BlackElo "1582"]
[PlyCount "53"]
[EventDate "2017.06.14"]
[EventType "swiss"]
[EventRounds "7"]
[EventCountry "GER"]
[SourceTitle "EXT 2018"]
[Source "ChessBase"]
[SourceDate "2017.10.13"]
[SourceVersion "1"]
[SourceVersionDate "2017.10.13"]
[SourceQuality "1"]

1. d4 Nf6 2. Nf3 d5 3. c4 e6 4. Nc3 Bb4 5. cxd5 exd5 6. Qb3 Bxc3+ 7. bxc3 0-0 8. Bg5 c6 9. e3 Qd6 10. Bd3 Nbd7 11. 0-0 Re8 12. Bxf6 Nxf6 13. Ng5 h6 14. Nf3 Bg4 15. Ne5 Be6 16. Qxb7 Rec8 17. f4 Ng4 18. f5 Nxe3 19. Rf3 Rab8 20. Qxa7 Nxg2 21. Kxg2 Rb2+ 22. Rf2 Rcb8 23. fxe6 Rxf2+ 24. Kxf2 Rb2+ 25. Kg1 fxe6 26. Qf7+ Kh8 27. Qe8+ 1-0

[Event "Rhein Main op-B 20th"]
[Site "Bad Homburg"]
[Date "2017.06.14"]
[Round "1"]
[White "Knuplesch, Ulrich"]
[Black "Graef, Kilian Gabriel"]
[Result "0-1"]
[WhiteElo "1655"]
[BlackElo "1041"]
[PlyCount "98"]
[EventDate "2017.06.14"]
[EventType "swiss"]
[EventRounds "7"]
[EventCountry "GER"]
[SourceTitle "EXT 2018"]
[Source "ChessBase"]
[SourceDate "2017.10.13"]
[SourceVersion "1"]
[SourceVersionDate "2017.10.13"]
[SourceQuality "1"]

1. e4 d6 2. d4 g6 3. Nc3 Bg7 4. f4 Nf6 5. Nf3 0-0 6. Be3 Ng4 7. Bg1 a6 8. Qd2 Bh6 9. h3 Nf6 10. g4 Ne8 11. Be3 Bg7 12. 0-0-0 b5 13. Bd3 Nc6 14. Rdg1 e5 15. d5 Ne7 16. f5 c6 17. Bh6 Bb7 18. dxc6 Nxc6 19. Nd5 Qa5 20. Ne7+ Kh8 21. Bxg7+ Kxg7 22. Qxa5 Nxa5 23. Nd5 Rc8 24. h4 Nc7 25. Ne3 d5 26. exd5 Nxd5 27. Re1 Nf4 28. Nxe5 Nxd3+ 29. Nxd3 Bxh1 30. Rxh1 Rfe8 31. Kd2 Nc4+ 32. Nxc4 bxc4 33. Ne1 Re4 34. fxg6 fxg6 35. g5 Rd8+ 36. Kc1 Rdd4 37. Nf3 Rd7 38. c3 Rf7 39. Nd4 Ref4 40. h5 Rf2 41. hxg6 Kxg6 42. Rg1 R7f4 43. Rh1 Rf1+ 44. Rxf1 Rxf1+ 45. Kd2 Kxg5 46. Ne6+ Kg4 47. Nc5 h5 48. Ke2 Rf5 49. Ne4 Re5 0-1

[Event "Heusenstamm Sparkassen op U14 3rd"]
[Site "Heusenstamm"]
[Date "2016.11.27"]
[Round "4"]
[White "Keller, Erik"]
[Black "Graef, Kilian Gabriel"]
[Result "1-0"]
[WhiteElo "887"]
[BlackElo "841"]
[PlyCount "99"]
[EventDate "2016.11.27"]
[EventType "swiss"]
[EventRounds "5"]
[EventCountry "GER"]
[SourceTitle "EXT 2018"]
[Source "ChessBase"]
[SourceDate "2017.10.13"]
[SourceVersion "1"]
[SourceVersionDate "2017.10.13"]
[SourceQuality "1"]

1. e4 g6 2. d4 Bg7 3. Nf3 d6 4. Nc3 Bg4 5. Be2 Nd7 6. h3 Bxf3 7. Bxf3 e5 8. d5 Ngf6 9. Bg5 0-0 10. 0-0 c6 11. Re1 Qa5 12. a3 h6 13. Bxf6 Nxf6 14. dxc6 bxc6 15. Qxd6 Qd8 16. Qxc6 Qd2 17. Rac1 Rac8 18. Qa4 Qd4 19. Qxd4 exd4 20. Nb5 Nd7 21. Red1 Rb8 22. Nxd4 Rxb2 23. Nc6 Ra2 24. Nxa7 Ra8 25. Nb5 Rb2 26. Rxd7 Rxb5 27. Rd3 Bb2 28. Rb1 Rab8 29. Rb3 Rxb3 30. cxb3 Rxb3 31. a4 Kf8 32. a5 Ke8 33. a6 Ke7 34. a7 Ra3 35. Rxb2 Rxa7 36. Kh2 h5 37. g4 h4 38. Rb1 Ra2 39. Kg2 Ke6 40. Re1 Ke5 41. Bd1 Ra1 42. f3 Kf4 43. Kf2 g5 44. e5 Ra2+ 45. Re2 Ra1 46. Bb3 Rh1 47. Kg2 Rb1 48. Bxf7 Rb7 49. e6 Re7 50. Re4# 1-0